00346 2200145 4500001002100000005001500021035002000036245004800056100002500104300000800129260002900137082000800166084001400174990001200188INLIS00000000000218120250527124628 a0010-05250004731 aIran Pasca Revolusi /cMustahafa Abd Rahman0 aMustahafa Abd Rahman a214 aJakarta :bKompas,c2003 a813 a813 MUS i a0712521